| 000 | 02917cas a2200673 a 4500 | ||
|---|---|---|---|
| 999 |
_c21185 _d21185 |
||
| 001 | 11141218 | ||
| 003 | BDDh-ASL | ||
| 005 | 20231015025956.0 | ||
| 008 | 751101d19272004ii qr p 0 a0eng | ||
| 010 | _a 42044281 | ||
| 016 | _a(AMICUS)000000950848 | ||
| 016 | 7 |
_a000266310 _2IsJJNL |
|
| 022 |
_a0021-1834 _l0021-1834 _2z |
||
| 035 | _a(OCoLC)ocm01774508 | ||
| 037 | _bIslamic Culture Board, P.O. Box no. 171, Opp. Osmania University P.O., Hyderabad, A.P. 500 007, India | ||
| 040 |
_aDLC _beng _cMUL _dYUS _dOCL _dIUL _dNYS _dAIP _dDLC _dNST _dDLC _dHUL _dOCL _dDLC _dGUA _dOCLCQ _dZCU _dCUI _dHLS _dOCLCQ _dOCLCG _dOCLCQ _dDLC _dOCLCQ _dIUL _dJ9U _dOCLCF _dOCLCO _dCGU _dNLC _dAVA _dOCLCQ _dOCLCA _dOCLCQ _dIL4J6 _dOCLCO _dBDDh-ASL |
||
| 042 |
_ansdp _apcc |
||
| 050 | 0 | 0 |
_aDS36 _b.I74 |
| 082 | 0 | 4 |
_a297.306 _bPII |
| 210 | 0 | _aIslam. cult. | |
| 222 | 0 | _aIslamic culture | |
| 245 | 0 | 0 | _aIslamic culture / |
| 260 |
_aHyderabad, Deccan : _b[publisher not identified], _c1927-©2004] |
||
| 300 |
_a179 p. : _bplates (some color) ; _c21 cm. |
||
| 310 | _aQuarterly | ||
| 336 |
_atext _btxt _2rdacontent |
||
| 337 |
_aunmediated _bn _2rdamedia |
||
| 338 |
_avolume _bnc _2rdacarrier |
||
| 362 | 0 | _aVol. 1, no. 1 (Jan. 1927)-v. 78, no. 4 (Oct. 2004). | |
| 500 | _aEditors: -Oct. 1936, Marmaduke Pickthall; Jan. 1937- Oct. 1938, Muhammad Asad-Weiss. | ||
| 500 | _aSubtitle varies: <1927-1947>, The Hyderabad quarterly review; <1948->, An English quarterly. | ||
| 530 | _aAlso issued on microfilm. | ||
| 550 | _aIssued by: Islamic Culture Board, <1985->; by: Academic and Cultural Publications Charitable Trust (Hyderabad, India), <199--> | ||
| 555 | _aVol. 1 (1927)-v. 4 (1930), with v. 4.; 1927-1980. 1 v. | ||
| 590 | _aSERBIB/SERLOC merged record | ||
| 650 | 0 |
_aIslam _vPeriodicals. |
|
| 650 | 0 |
_aIslamic civilization _vPeriodicals. |
|
| 650 | 7 |
_aIslam. _2fast _0(OCoLC)fst00979776 |
|
| 650 | 7 |
_aIslamic civilization. _2fast _0(OCoLC)fst01730294 |
|
| 650 | 7 |
_aIslam _vPeriodicals. _2nli |
|
| 650 | 7 |
_aIslamic civilization _vPeriodicals. _2nli |
|
| 655 | 0 | 7 |
_aPeriodicals. _2aat |
| 655 | 7 |
_aPeriodicals. _2fast _0(OCoLC)fst01411641 |
|
| 700 | 1 |
_aPickthall, Marmaduke, _d1875-1936. |
|
| 700 | 1 |
_aAsad, Muhammad, _d1900-1992. |
|
| 710 | 2 | _aIslamic Culture Board. | |
| 710 | 2 | _aAcademic and Cultural Publications Charitable Trust (Hyderabad, India) | |
| 776 | 0 | 8 |
_iMicrofiche version: _tIslamic culture _w(OCoLC)28527238 |
| 776 | 0 | 8 |
_iMicrofilm version: _tIslamic culture _w(OCoLC)8258098 |
| 776 | 0 | 8 |
_iOnline version: _tIslamic culture _w(OCoLC)561725945 |
| 776 | 0 | 8 |
_iOnline version: _tIslamic culture _w(OCoLC)592829800 |
| 776 | 0 | 8 |
_iOnline version: _tIslamic culture _w(OCoLC)604437573 |
| 906 |
_a7 _bcbc _cserials _d3 _encip _f19 _gn-oclcserc |
||
| 942 |
_2ddc _cBK |
||